Estadísticas para Glorias del Futbol con el Dorsal 10

Haz click aquí para intentar la prueba.

Estadísticas generales

  • Esta prueba ha sido intentada 207 veces
    (60 desde el último reinicio)
  • La puntuación promedio es 38 de 50

Estadísticas de respuestas

Respuesta% Correcto
Maradona
100%
Mbappe
100%
Messi
100%
Modric
100%
Pele
100%
Neymar
98%
Zidane
98%
Ronaldinho
96%
Totti
96%
Forlan
94%
James Rodriguez
94%
Rooney
94%
Kaka
92%
Ozil
92%
Rivaldo
92%
Sneijder
92%
Fabregas
90%
Hazard
90%
Ibrahimovic
90%
Mane
90%
Bernardo Silva
86%
Sterling
86%
Baggio
84%
Riquelme
84%
Gullit
82%
Kempes
82%
Valderrama
82%
Gnabry
80%
Owen
80%
Platini
80%
Matthaus
78%
Puskas
78%
Bergkamp
76%
Raul
76%
Hagi
74%
Laudrup
74%
Podolski
72%
Rui Costa
72%
Okocha
70%
Zico
70%
Del Piero
68%
Seedorf
66%
Lineker
50%
Francescoli
46%
Cubillas
32%
Ortega
28%
Schiaffino
20%
Rivera
14%
Rai
8%
Hurst
2%

Distribución de puntuación

Porcentaje por número respondido

Porcentaje de gente con cada puntuación

Historial de tus puntuaciones

No has intentado esta prueba desde el último reinicio